000 00934nas a2200301 4500
001 BR0304734
003 BR-BrBNA
005 20231205104115.0
007 ta
008 230509b bl.|||p| |||| 00| 00por d
040 _aBR-BrBNA
_bpor
_cBiblioteca Nacional de Agricultura
041 _a(Pt)
072 _aH10; P01
100 1 _aAzevedo, C.O.
100 1 _aHelmer, J.L.
100 1 _aMorato, E.
245 1 _aDiversidade de Bethylidae (Hymenoptera)do Parque Nacional da Serra do Divisor, Acre, Brasil e seu uso no plano de manejo e conservação da área
650 _aPARQUE NACIONAL
650 _aHIMENOPTERO
650 _aVESPA
650 _aBIOLOGIA
650 _aPRESERVAÇÃO DA NATUREZA
650 _aBIODIVERSIDADE
650 _aACRE
773 0 _tActa Amazônica (Brazil)
_xISSN 0044-5967
_g(Jan-Mar 2002), v. 32(1) p. 71-81
_wBR0304734
909 _a202311
_bLúcia
_c55
_dLúcia Elande
942 _2AGRIS
_n0
_cANA
999 _c176402
_d176402